SOFTWARE ENGINEERING (Record no. 216516)

MARC details
000 -LEADER
fixed length control field 00528nam a22001817a 4500
008 - FIXED-LENGTH DATA ELEMENTS--GENERAL INFORMATION
fixed length control field 260203b |||||||| |||| 00| 0 eng d
020 ## - INTERNATIONAL STANDARD BOOK NUMBER
International Standard Book Number 978-1-260-54800-6
100 ## - MAIN ENTRY--PERSONAL NAME
Personal name PRESSMAN, ROGER S.
245 ## - TITLE STATEMENT
Title SOFTWARE ENGINEERING
Remainder of title A PRACTITIONER'S APPROACH
250 ## - EDITION STATEMENT
Edition statement 9TH ED
260 ## - PUBLICATION, DISTRIBUTION, ETC.
Place of publication, distribution, etc. NEW YORK
Name of publisher, distributor, etc. MCGRAW HILL
Date of publication, distribution, etc. 2020
300 ## - PHYSICAL DESCRIPTION
Extent XXX, 671P.
500 ## - GENERAL NOTE
General note INCLUDES INDEX
650 ## - SUBJECT ADDED ENTRY
Topical term or geographic name entry element 1. SOFTWARE ENGINEERING 2. COMPUTER SOFTWARE - DEVELOPMENT
700 ## - ADDED ENTRY--PERSONAL NAME
Personal name MAXIM, BRUCE R.
942 ## - ADDED ENTRY ELEMENTS (KOHA)
Source of classification or shelving scheme Library of Congress Classification
Koha item type Long Loan Book
Holdings
Withdrawn status Lost status Source of classification or shelving scheme Damaged status Not for loan Collection Home library Current library Shelving location Date acquired Inventory number Total checkouts Full call number Barcode Date last seen Date last checked out Copy number Price effective from Koha item type
    Library of Congress Classification     Science & Technology Kisii University Library Kisii University Library On Display 02/03/2026 111702 1 QA 76.758 .P74 2020 50227 03/01/2026 02/23/2026 C.1 02/03/2026 Long Loan Book
    Library of Congress Classification     Science & Technology Kisii University Library Kisii University Library On Display 02/03/2026 111703   QA 76.758 .P74 2020 50230 02/03/2026   C.2 02/03/2026 Long Loan Book
    Library of Congress Classification     Science & Technology Kisii University Library Kisii University Library On Display 02/03/2026 111704   QA 76.758 .P74 2020 50231 02/03/2026   C.3 02/03/2026 Long Loan Book